01948nam a22003257a 4500999001700000003000900017005001700026008004100043040004300084082002800127100010800155245027700263264007000540300002700610336002600637337003500663338002900698505011000727650006300837651001000900653002500910655002400935700006100959700005601020700006301076942001201139952015701151952015701308952015701465 c29074d29045EG-ScBUE20210220114945.0090715k19661972ti f 000 0 ara d aEG-ScBUEbaraerdacEG-ScBUEdEG-ScBUE04a892.71009bع م ا2221 98030aعماد الدين الكاتب، محمد بن محمد،‏،d519-597 هـ.‏،eمؤلف.10aخريدة القصر وجريدة العصر :bقسم شعراء المغرب والأندلس /cللعماد الأصفهاني الكاتب ؛ تحقيق محمد المرزوقي، محمد العروسي المطوى، الجيلاني بن الحاج يحيى. 1aتونس :bالدار التونسية للنشر،c[1966-1972] a3 مجلد ؛c24 سم 2rdacontentaنصbtxt 2rdamediaaبدون وسيطbn 2rdacarrieraمجلدbnc00aالمجلد السادس عشر -- المجلد السابع عشر -- المجلد الثامن عشر. 798043aالشعر العربيvتاريخ ونقد.2BUEsh 2BUEsh bARALITcFebruary2021 vReading book9342321 aالمرزوقي، محمد،‏d1916-1981،eمحقق.1 aالمطوى، محمد العروسي،eمحقق.1 aابن الحاج يحيى، الجيلاني،eمحقق. 2ddccBB 00102ddc40708BaccahaMAINbMAINc2NDd2021-02-20ePurchaseo892.71009 ع م اp000017517r2025-07-15 00:00:00yBBzالمجلد السادس عشر 00102ddc40708BaccahaMAINbMAINc2NDd2021-02-20ePurchaseo892.71009 ع م اp000017518r2025-07-15 00:00:00yBBzالمجلد السابع عشر 00102ddc40708BaccahaMAINbMAINc2NDd2021-02-20ePurchaseo892.71009 ع م اp000017519r2025-07-15 00:00:00yBBzالمجلد الثامن عشر